| 000 | 00844nam a22002057a 4500 | ||
|---|---|---|---|
| 003 | 0 | ||
| 005 | 20250213160102.0 | ||
| 008 | 250213b xxu||||| |||| 00| 0 eng d | ||
| 050 |
_aBF 575.A6 _b.D39 2018 |
||
| 100 | _aDayak, Winfred Jorel G. | ||
| 245 |
_aSocial anxiety and mental wellbeing of college students of Southville International School and Colleges _cWinfred Jorel G. Dayak |
||
| 260 |
_aLas Pinas City _bSouthville International School and Colleges _c2018 |
||
| 300 |
_axi, 88 pages; _c28cm. |
||
| 500 | _aBachelor of Science in Psychology. | ||
| 504 | _aIncludes bibliographical references and appendices. | ||
| 650 | _aSocial anxiety—Psychological effects -- College students. | ||
| 650 | _aMental well-being—University students. | ||
| 650 | _aCollege students—Mental health -- Coping mechanisms. | ||
| 942 |
_2lcc _cTH |
||
| 999 |
_c367215 _d367215 |
||